Historia de un quinto de 1813 / (Record no. 153674)

MARC details
000 -LEADER
campo de control de longitud fija 00758nam a2200181 i 4500
001 - NÚMERO DE CONTROL
campo de control 153674
003 - IDENTIFICADOR DE NÚMERO DE CONTROL
campo de control ES-MaACL
005 - FECHA Y HORA DE LA ÚLTIMA TRANSACCIÓN
campo de control 20251012191905.0
008 - DATOS DE LONGITUD FIJA--INFORMACIÓN GENERAL
campo de control de longitud fija 940202s1868 sp |||| | spa d
040 ## - FUENTE DE CATALOGACIÓN
Centro catalogador/agencia de origen CAM
Lengua de catalogación spa
100 0# - ENTRADA PRINCIPAL--NOMBRE DE PERSONA
Nombre de persona Erckmann-Chatrian.
9 (RLIN) 47367
245 10 - MENCIÓN DEL TÍTULO
Título Historia de un quinto de 1813 /
Mención de responsabilidad, etc. Erckmann-Chatrian ; traducción de E. Zamora y Caballero.
260 ## - PUBLICACIÓN, DISTRIBUCIÓN, ETC.
Lugar de publicación, distribución, etc. Madrid :
Nombre del editor, distribuidor, etc. Lib. de Alfonso Durán,
Fecha de publicación, distribución, etc. 1868 (
Fabricante Imp. de T. Fortanet)
300 ## - DESCRIPCIÓN FÍSICA
Extensión 276 p. ;
Dimensiones 19 cm.
700 1# - ENTRADA AGREGADA--NOMBRE PERSONAL
Nombre de persona Zamora y Caballero, Eduardo,
Fechas asociadas al nombre 1835-1899
9 (RLIN) 134014
852 ## - LOCALIZACIÓN
Ubicación ES-MaACL
Número de control de estantería G-10915(2)
Nota libre -- Enc. tela
Encuadernación -- Edic: Sólo la primera obra (276 p.) -- T100: El nombre del autor es Erckmann-Chatrian, Émile -- T700: Zamora y Caballero, E.; trad.
Holdings
Estatus retirado Estado de pérdida Estado de daño No para préstamo Colección Biblioteca de origen Biblioteca actual Ubicación en estantería Fecha de adquisición Fuente de adquisición Total de préstamos Signatura topográfica completa Código de barras Visto por última vez Precio de reemplazo Tipo de ítem Koha
        Libros del s. XIX Biblioteca del Ateneo de Madrid Biblioteca del Ateneo de Madrid Sala Pecera Planta 3 17/01/2008     G-10915(2) 1160655 23/02/2023 23/02/2023 Libro impreso antiguo